King Lear Βασιλιάς Ληρ

Ο Βασιλιάς Lear έχει τρεις κόρες, την Goneril, την Regan και την Cordelia. Μια μέρα εξόρισε και αποκήρυξε την νεαρότερη και πολυαγαπημένη του κόρη. Αλλά οι σατανικές μεγαλύτερες του κόρες πρόδωσαν τον πατέρα τους και τον τύφλωσαν. Με χαμένη την πίστη του και το Βασίλειο του, και με την συνοδεία του...

Πλήρης περιγραφή

Αποθηκεύτηκε σε:
Λεπτομέρειες βιβλιογραφικής εγγραφής
Άλλοι συγγραφείς: Kozintsev, Grigorii Mikhailovich (Διευθυντής), Järvet, Jüri, 1919-1995 (Ηθοποιός), Radzina, Elza, 1917-2005 (Ηθοποιός), Volchek, Galina, 1933- (Ηθοποιός), Shendrikova, Valentina, 1945- (Ηθοποιός), Dal, Oleg, 1941-1981 (Ηθοποιός), Sebris, Karlis, 1914-2009 (Ηθοποιός), Merzin, Leonhard, 1934-1990 (Ηθοποιός), Adomaitis, Regimantas (Ηθοποιός), Banionis, Donatas, 1924-2014 (Ηθοποιός), Petrenko, Aleksei, 1938-2017 (Ηθοποιός), Budraitis, Juozas, 1940- (Ηθοποιός), Yemelyanov, Vladimir, 1911-1975 (Ηθοποιός)
Μορφή: Διαφάνειες
Γλώσσα:Russian
Multiple
Δημοσίευση: [S.l.] : RUSCICO, ArtFree (Εταιρεία διανομής], c2004.
Έκδοση:Συλλεκτική έκδ. σε περιορισμένο αριθμό αντιτύπων.
Θέματα:
Ετικέτες: Προσθήκη ετικέτας
Δεν υπάρχουν, Καταχωρήστε ετικέτα πρώτοι!

MARC

LEADER 00000cgm a2200000 i 4500
001 1/12552
008 110322s2004 xx ||| | || ||rus||
035 |l 10109830 
040 |a GR-MyUa  |b gre  |e AACR2 
041 0 |a rus  |j mul 
082 7 |a 791.437   |2 (22) 
245 0 0 |a King Lear   |h [μαγνητοσκόπηση] =   |b Βασιλιάς Ληρ /   |c σενάριο και σκηνοθεσία Grigory Kozintsev. 
246 1 |i Παράλληλος τίτλος:   |a Βασιλιάς Ληρ 
250 |a Συλλεκτική έκδ. σε περιορισμένο αριθμό αντιτύπων. 
260 |a [S.l.] :   |b RUSCICO,   |b ArtFree (Εταιρεία διανομής],   |c c2004. 
300 |a 1 βιντεοδίσκος (71 λεπτ.) :   |b ομίλ., ασπρόμ. ;   |c 4 3/4 ίν. 
500 |a Κυκλοφόρησε πρώτη φορά ως κινηματογραφική ταινία το 1970. 
508 |a Φωτογραφία, Jonas Gritsus ; μουσική, Dimitry Shostakovick. 
511 0 |a Yuri Yarvet, Elsa Radzinya, Galina Bolchek, Valentina Shendrikova, Oleg Dal, Karl Sebris, Leonhard Merzin, Regimantas Adomaitis, Donatas Banionis, Alexei Petrenko, Yuozas Budraitis, Vladimir Yemelyanov, Alexander Vocach. 
520 8 |a Ο Βασιλιάς Lear έχει τρεις κόρες, την Goneril, την Regan και την Cordelia. Μια μέρα εξόρισε και αποκήρυξε την νεαρότερη και πολυαγαπημένη του κόρη. Αλλά οι σατανικές μεγαλύτερες του κόρες πρόδωσαν τον πατέρα τους και τον τύφλωσαν. Με χαμένη την πίστη του και το Βασίλειο του, και με την συνοδεία του πιστού του γελωτοποιού, ο βασιλιάς περιπλανείται για να βρει καταφύγιο. Κατά την διάρκεια του ταξιδιού του βλέπει το φως της αλήθειας και ανασυνδέεται με την Cordelia η οποία δεν δίστασε καθόλου να επανασυνδεθεί με τον πατέρα της. 
546 |a Στα ρωσικά με υπότιτλους στα ελληνικά. 
600 1 0 |a Shakespeare, William,   |d 1564-1616  |v Film adaptations. 
600 0 0 |a Lear,   |c King of England (Legendary character)  |v Drama. 
655 7 |a Feature films  |2 lcgft 
700 1 |a Kozintsev, Grigorii Mikhailovich,  |e drt 
700 1 |a Järvet, Jüri,   |d 1919-1995,  |e act 
700 1 |a Radzina, Elza,   |d 1917-2005,  |e act 
700 1 |a Volchek, Galina,   |d 1933-  |e act 
700 1 |a Shendrikova, Valentina,   |d 1945-  |e act 
700 1 |a Dal, Oleg,   |d 1941-1981,  |e act 
700 1 |a Sebris, Karlis,   |d 1914-2009,  |e act 
700 1 |a Merzin, Leonhard,   |d 1934-1990,  |e act 
700 1 |a Adomaitis, Regimantas,  |e act 
700 1 |a Banionis, Donatas,   |d 1924-2014,  |e act 
700 1 |a Petrenko, Aleksei,   |d 1938-2017,  |e act 
700 1 |a Budraitis, Juozas,   |d 1940-  |e act 
700 1 |a Yemelyanov, Vladimir,   |d 1911-1975,  |e act 
852 |a INST  |b SYROS  |c AV  |e 20110322  |h 791.437 KOZ  |p 005500009265  |q 005500009265  |t DVD  |y 23 
901 |a BIBL5-2008-1 
922 |a 5ΕΛΗ  |b 200810  |c Βιβλιοθήκη Σύρου  |d DVD Club Enter 
970 |a Κοντού  |b Παρασκευή  |z 22/03/2011